000 01536nam0a2200361 4500
001 RU\NLR\BIBL_A\011428839
005 20260405133058.0
010 _a9785444462416
_91000
021 _aRU
_b2017-42268
_93071
035 _a(RuMoRGB)008907857
035 _a(NLR Aleph) 011428839
090 _a11642484
_c11642484
100 _a20170629d2017 u y0rusy50 ca
101 0 _arus
102 _aRU
105 _aachzzz0|010gy
200 1 _aПозови меня с собой
_ecтихи и песни
_fТатьяна Снежина
_g[рис. Татьяны Снежиной]
205 _aЮбилейное изд.
210 _aМосква
_cВече
_d2017
215 _a463 с., [24] л. ил., портр., цв. ил.
_cпортр., факс.
_d18
327 1 _aСодерж.: циклы: Звезда моя; Вспомни со мной; Мое отраженье, кто ты?; Что стоит жизнь моя?; Я хотела взлететь вместе с птицею ...
333 _a12+
686 _aШ5(2=Р)64-65я44
_2rubbk
686 _aШ5(2=Р)7-4Снежина Т.В.1,0
_2rubbk
686 2 _aШ6(2=Р)75-5
686 1 _aЩ319.41(2)
700 1 _7ca
_8rus
_aСнежина
_bТ. В.
_f1972-1995
_gТатьяна Валерьевна
_936741
_3RU\NLR\AUTH\7753809
702 1 _4040
_7ca
_8rus
_aСнежина
_bТ. В.
_f1972-1995
_gТатьяна Валерьевна
_936741
_3RU\NLR\AUTH\7753809
942 _cBOOK
980 _aNBR